| 000 | 03306nam a2200349 a 4500 | ||
|---|---|---|---|
| 001 | eep9781849802109 | ||
| 003 | DLC | ||
| 005 | 20210215104146.0 | ||
| 006 | m o d | ||
| 007 | cr un||||||||| | ||
| 008 | 090617s2009 enka ob 001 0 eng d | ||
| 010 | _a 2009930868 | ||
| 020 | _a9781849802109 (e-book) | ||
| 040 |
_aBTCTA _cBTCTA _dBWK _dYDXCP _dNUI _dRCJ _dTEF _dCDX _dUBY _dOSU _dAGL _dBWX _dDLC |
||
| 050 | 4 |
_aSD387.C37 _bH86 2009 |
|
| 100 | 1 | _aHunt, Colin. | |
| 245 | 1 | 0 |
_aCarbon sinks and climate change _h[electronic resource] : _bforests in the fight against global warming / _cColin A.G. Hunt. |
| 260 |
_aCheltenham, Glos ; _aNorthampton, Mass. : _bEdward Elgar, _cc2009. |
||
| 300 |
_a1 online resource (xiii, 236 p.) : _bill. |
||
| 490 | 1 | _aAdvances in ecological economics | |
| 504 | _aIncludes bibliographical references and index. | ||
| 505 | 0 | 0 |
_tThe making of markets for carbon and the potential of forestry offsets -- _tForestry in the Kyoto Protocol -- _tForestry in voluntary carbon markets -- _tBiodiversity benefits of reforestation and avoiding deforestation -- _tMeasuring the carbon in forest sinks -- _tForests as a source of biofuels -- _tForestry in the climate change policies of selected developed countries -- _tPolicies for reducing emissions from deforestation and forest degradation (REDD). |
| 520 | _a"Reforestation and avoiding deforestation are methods of harnessing nature to tackle global warming - the greatest challenge facing humankind. In this book, Colin Hunt deals comprehensively with the present and future role of forests in climate change policy and practice. The author provides signposts for the way ahead in climate change policy and offers practical examples of forestry's role in climate change mitigation in both developed and tropical developing countries. Chapters on measuring carbon in plantations, their biodiversity benefits and potential for biofuel production complement the analysis. He also discusses the potential for forestry in climate change policy in the United States and other countries where policies to limit greenhouse gas emissions have been foreshadowed. The author employs scientific and socio-economic analysis and lays bare the complexity of forestry markets. A review of the workings of carbon markets, based both on the Kyoto Protocol and voluntary participation, provides a foundation from which to explore forestry's role. Emphasis is placed on acknowledging how forests' idiosyncrasies affect the design of markets for sequestered carbon. The realization of forestry's potential in developed countries depends on the depth of cuts in greenhouse gas emissions, together with in-country rules on forestry. An increase in funding for carbon retention in tropical forests is an immediate imperative, but complexities dictate that the sources of finance will likely be dedicated funds rather than carbon markets."--Back cover. | ||
| 650 | 0 | _aCarbon sequestration. | |
| 650 | 0 |
_aForestry projects _xEnvironmental aspects. |
|
| 650 | 0 | _aGlobal warming. | |
| 655 | 7 |
_aElectronic books. _2lcsh |
|
| 710 | 2 | _aEdward Elgar Publishing. | |
| 776 | 1 |
_z9781847209771 (hardback) _z9780857933850 (pbk.) _z1847209777 |
|
| 830 | 0 | _aAdvances in ecological economics. | |
| 856 | 4 | 0 | _uhttps://www.elgaronline.com/view/9781847209771.xml |
| 999 |
_c28786 _d28786 |
||